000 00975nam2a22002411 4500
001 v19\rc\1826774
005 20250619135014.0
035 _a(NLR Aleph) 004923431
090 _a5602672
_c5602672
100 _a20071224d1914 |||y0rusy50 ca
101 0 _arus
102 _aRU
105 _ay z |||||
200 0 _aза 1913 год
210 _d1914
_aБ. м.
215 _a32 с.
461 0 _1001v19\rc\1826766
_12001#$aОтчет о состоянии и деятельности Юрьевского ветеринарного института...$vза 1913 год
_95602592
_aЮрьевский ветеринарный институт
_cЮрьев
_d1907-1916
_tОтчет о состоянии и деятельности Юрьевского ветеринарного института...
_vза 1913 год
801 0 _aRU
_bNLR
_gpsbo
801 0 _aRU
_bRuMoRGB
_2psbo
801 1 _aRU
_bProSoft-M
_2rusmarc
852 _aNLR
_j19.48.4.129
942 _cBOOK
980 _aNB